[Event "Titled Tuesday intern op 4th Febr"]
[Site "Chess.com INT"]
[Date "2020.02.04"]
[Round "9"]
[White "Kesarev, Dima"]
[Black "Praggnanandhaa, Rameshbabu"]
[Result "0-1"]
[WhiteElo "2468"]
[BlackElo "2519"]
[PlyCount "44"]
[EventDate "2020.02.04"]
[EventType "swiss (blitz)"]
[EventRounds "10"]
[EventCountry "USA"]
[SourceTitle "EXT 2021"]
[Source "ChessBase"]
[SourceDate "2020.10.23"]
[SourceVersion "1"]
[SourceVersionDate "2020.10.23"]
[SourceQuality "1"]

1. Nf3 Nf6 2. c4 g6 3. Nc3 Bg7 4. e4 d6 5. d4 0-0 6. h3 e5 7. d5 Nh5 8. g3 a5 9. Bg5 Qe8 10. Be2 f5 11. exf5 gxf5 12. Nh4 Nf6 13. Qc2 Na6 14. 0-0-0 Nb4 15. Qb1 e4 16. a3 Nd7 17. axb4 axb4 18. Nb5 Qe5 19. Bd2 Ra4 20. Rde1 Nc5 21. Bd1 Nd3+ 22. Qxd3 Qxb2# 0-1

[Event "Titled Tuesday intern op 4th Febr"]
[Site "Chess.com INT"]
[Date "2020.02.04"]
[Round "2"]
[White "Vinokur, Yuliya"]
[Black "Kesarev, Dima"]
[Result "1/2-1/2"]
[WhiteElo "2022"]
[BlackElo "2473"]
[PlyCount "190"]
[EventDate "2020.02.04"]
[EventType "swiss (blitz)"]
[EventRounds "10"]
[EventCountry "USA"]
[SourceTitle "EXT 2021"]
[Source "ChessBase"]
[SourceDate "2020.10.23"]
[SourceVersion "1"]
[SourceVersionDate "2020.10.23"]
[SourceQuality "1"]

1. d4 Nc6 2. e4 e5 3. dxe5 Nxe5 4. Nf3 Nxf3+ 5. Qxf3 Qf6 6. Be2 Bb4+ 7. c3 Qxf3 8. Bxf3 Bc5 9. 0-0 d6 10. Bf4 Ne7 11. Nd2 a5 12. Nb3 Bb6 13. Rfe1 Nc6 14. e5 Nxe5 15. Bxe5 dxe5 16. Rxe5+ Be6 17. Bxb7 Rd8 18. Bc6+ Ke7 19. Nxa5 Rd2 20. Nc4 Bxf2+ 21. Kf1 Rc2 22. Ba4 Bd4 23. Rxe6+ fxe6 24. Bxc2 Rf8+ 25. Ke1 Ba7 26. Rd1 Rf2 27. Rd2 Rf4 28. Ne5 Kf6 29. Nf3 Rg4 30. Kf1 h5 31. Rd7 Bb6 32. Bb3 Rf4 33. Rd3 g5 34. Ke2 g4 35. g3 Re4+ 36. Kd2 gxf3 37. Rxf3+ Ke5 38. Kd3 Re1 39. Rf8 Kd6 40. Rh8 Rb1 41. Rxh5 Rxb2 42. g4 Rg2 43. h3 c5 44. Rh6 Kc7 45. Bxe6 Rg3+ 46. Kc4 Ba5 47. Kxc5 Bxc3 48. a4 Be1 49. Rh7+ Kd8 50. Kd6 Rd3+ 51. Bd5 Bg3+ 52. Kc6 Rc3+ 53. Kb5 Bf2 54. Be6 Rc5+ 55. Kb4 Re5 56. Bf5 Re3 57. a5 Be1+ 58. Kb5 Re5+ 59. Kb6 Bxa5+ 60. Kc6 Be1 61. Kd6 Bg3 62. Kc6 Re1 63. h4 Ke8 64. h5 Kf8 65. Kd7 Kg8 66. Kc6 Rd1 67. Rd7 Rc1+ 68. Kd5 Re1 69. Rd8+ Kg7 70. Ra8 Kf6 71. Ra6+ Kg5 72. h6 Rh1 73. h7 Be1 74. Ra8 Bc3 75. Rg8+ Kf4 76. Ke6 Rh6+ 77. Kf7 Rf6+ 78. Ke7 Rh6 79. Rc8 Bf6+ 80. Kf7 Bb2 81. Rc4+ Kg5 82. Rc8 Rf6+ 83. Ke7 Rh6 84. Rg8+ Kf4 85. Kf7 Rf6+ 86. Ke8 Rh6 87. Bb1 Rh1 88. Bc2 Ke5 89. g5 Ke6 90. Bb3+ Kf5 91. g6 Kf6 92. g7 Rxh7 93. Rf8+ Kxg7 94. Rf7+ Kh6 95. Rxh7+ Kxh7 1/2-1/2

[Event "Titled Tuesday intern op 3rd Jan"]
[Site "Chess.com INT"]
[Date "2019.12.03"]
[Round "7"]
[White "Kesarev, Dima"]
[Black "Bjelobrk, Igor"]
[Result "0-1"]
[WhiteElo "2475"]
[BlackElo "2403"]
[PlyCount "116"]
[EventDate "2019.12.03"]
[EventType "swiss (blitz)"]
[EventRounds "10"]
[EventCountry "USA"]
[SourceTitle "EXT 2021"]
[Source "ChessBase"]
[SourceDate "2020.10.23"]
[SourceVersion "1"]
[SourceVersionDate "2020.10.23"]
[SourceQuality "1"]

1. Nf3 Nf6 2. c4 e6 3. b3 d5 4. Bb2 b6 5. g3 Bb7 6. Bg2 Be7 7. 0-0 0-0 8. d3 c5 9. e3 Nc6 10. Nbd2 Qd7 11. Qe2 Rfd8 12. Rfd1 Rac8 13. Rac1 Qe8 14. h3 h6 15. Nb1 d4 16. exd4 cxd4 17. Na3 e5 18. Nc2 Nd7 19. Rb1 a5 20. Re1 f6 21. Nh4 Nc5 22. Ba3 Qd7 23. Bxc5 bxc5 24. Qh5 Bf8 25. Be4 Ne7 26. Bxb7 Qxb7 27. Na3 g5 28. Ng2 Bg7 29. f4 Nc6 30. Nb5 Nb4 31. Qe2 exf4 32. gxf4 Kh8 33. a3 Nc6 34. Rb2 Qd7 35. Qf3 Re8 36. Rbe2 Rxe2 37. Rxe2 Re8 38. Rxe8+ Qxe8 39. Kf2 Qe6 40. h4 g4 41. Qd5 Qe8 42. h5 Ne7 43. Qe6 g3+ 44. Kxg3 Qd8 45. Nh4 Kh7 46. Nd6 Qc7 47. Ne4 Qb7 48. Qf7 Nf5+ 49. Nxf5 Qxf7 50. Kg4 Bf8 51. Nh4 Qe6+ 52. f5 Qe5 53. Ng6 Qb8 54. Nxf6+ Kg7 55. Nd5 Qxb3 56. f6+ Kf7 57. Ne5+ Ke6 58. Ng6 Bd6 0-1

[Event "Titled Tuesday intern op 3rd Jan"]
[Site "Chess.com INT"]
[Date "2019.12.03"]
[Round "5"]
[White "Kesarev, Dima"]
[Black "Selkirk, Rebecca"]
[Result "1-0"]
[WhiteElo "2496"]
[BlackElo "1819"]
[PlyCount "161"]
[EventDate "2019.12.03"]
[EventType "swiss (blitz)"]
[EventRounds "10"]
[EventCountry "USA"]
[SourceTitle "EXT 2021"]
[Source "ChessBase"]
[SourceDate "2020.10.23"]
[SourceVersion "1"]
[SourceVersionDate "2020.10.23"]
[SourceQuality "1"]

1. Nf3 Nf6 2. c4 c6 3. b3 d5 4. Bb2 e6 5. e3 Nbd7 6. Qc2 Be7 7. Be2 0-0 8. 0-0 b6 9. d3 Bb7 10. Nbd2 Rc8 11. Rac1 c5 12. Qb1 Re8 13. Qa1 Bd6 14. Rfd1 e5 15. cxd5 Nxd5 16. a3 Bb8 17. Bf1 Qf6 18. d4 cxd4 19. exd4 e4 20. Ne5 Rxc1 21. Rxc1 Nxe5 22. dxe5 Qg5 23. Nxe4 Qf4 24. Nd6 Bxd6 25. exd6 Qxd6 26. Re1 Rc8 27. Qd1 Qc6 28. Qd4 f6 29. f3 Qc5 30. Qxc5 Rxc5 31. Bd3 Nf4 32. Bc4+ Bd5 33. Bd4 Rc8 34. Bxd5+ Nxd5 35. Kf2 Rc2+ 36. Re2 Rxe2+ 37. Kxe2 Kf7 38. Kd2 Ke6 39. a4 a6 40. g3 b5 41. axb5 axb5 42. Kd3 f5 43. Bxg7 h5 44. Kd4 Nc7 45. Kc5 Nd5 46. Kxb5 Ne3 47. Kc5 Nf1 48. b4 Nxh2 49. b5 Nxf3 50. b6 Kd7 51. Bh6 Kc8 52. Kc6 Ne5+ 53. Kd5 Nd7 54. Ke6 Nxb6 55. Kxf5 Nd7 56. Kg6 Kd8 57. Kxh5 Ke7 58. Kg6 Ke6 59. Bg7 Kd5 60. g4 Ke4 61. g5 Nc5 62. Kf7 Kf5 63. g6 Ne6 64. Bc3 Ng5+ 65. Kg7 Ne6+ 66. Kh6 Ke4 67. Bb2 Kd5 68. Kh7 Kd6 69. Kg8 Ke7 70. Be5 Ke8 71. Bf6 Kd7 72. Kf7 Kd6 73. Bh4 Kd5 74. Be7 Ke5 75. Bh4 Kd5 76. Bg3 Ng5+ 77. Kf6 Ne6 78. Ke7 Ng7 79. Kf6 Ne6 80. Bh2 Nd4 81. g7 1-0

[Event "Titled Tuesday intern op 3rd Jan"]
[Site "Chess.com INT"]
[Date "2019.12.03"]
[Round "9"]
[White "Kesarev, Dima"]
[Black "Sonis, Francesco"]
[Result "0-1"]
[WhiteElo "2474"]
[BlackElo "2456"]
[PlyCount "70"]
[EventDate "2019.12.03"]
[EventType "swiss (blitz)"]
[EventRounds "10"]
[EventCountry "USA"]
[SourceTitle "EXT 2021"]
[Source "ChessBase"]
[SourceDate "2020.10.23"]
[SourceVersion "1"]
[SourceVersionDate "2020.10.23"]
[SourceQuality "1"]

1. Nf3 Nf6 2. c4 e6 3. g3 d5 4. Bg2 dxc4 5. Qc2 c6 6. Qxc4 b5 7. Qc2 Bb7 8. a4 a6 9. 0-0 Be7 10. d3 0-0 11. Be3 Nbd7 12. Rc1 c5 13. axb5 axb5 14. Rxa8 Qxa8 15. Na3 Bc6 16. Qb3 Rb8 17. Nc2 b4 18. Nfe1 Nd5 19. Bd2 N7b6 20. Ne3 Rb7 21. Nc4 Rb8 22. Nxb6 Rxb6 23. Nc2 Ra6 24. Qc4 Ra2 25. Rb1 Nb6 26. Bxc6 Nxc4 27. Bxa8 Nxd2 28. Ra1 Rxa1+ 29. Nxa1 Bf6 30. Nc2 Bxb2 31. Ne3 b3 32. Nc4 Bc3 33. Nxd2 Bxd2 34. d4 c4 35. e3 c3 0-1

[Event "Titled Tuesday intern op 3rd Jan"]
[Site "Chess.com INT"]
[Date "2019.12.03"]
[Round "1"]
[White "Livaic, Leon"]
[Black "Kesarev, Dima"]
[Result "1-0"]
[WhiteElo "2505"]
[BlackElo "2476"]
[PlyCount "85"]
[EventDate "2019.12.03"]
[EventType "swiss (blitz)"]
[EventRounds "10"]
[EventCountry "USA"]
[SourceTitle "EXT 2021"]
[Source "ChessBase"]
[SourceDate "2020.10.23"]
[SourceVersion "1"]
[SourceVersionDate "2020.10.23"]
[SourceQuality "1"]

1. d4 g6 2. c4 Bg7 3. e4 d6 4. Nc3 Nf6 5. h3 0-0 6. Be3 e5 7. d5 a5 8. g4 Na6 9. Nge2 Nc5 10. Ng3 c6 11. Qd2 a4 12. f3 Qa5 13. h4 Bd7 14. h5 Rfb8 15. g5 Nxh5 16. Nxh5 gxh5 17. Rxh5 cxd5 18. Nxd5 Qxd2+ 19. Kxd2 Be6 20. Be2 Bxd5 21. cxd5 b5 22. Rah1 a3 23. b3 Rc8 24. Bxb5 Rab8 25. Bc4 Na4 26. Rxh7 Nb2 27. Be2 Rc7 28. Bd3 Rbc8 29. Bb1 Rc3 30. R7h2 f6 31. Rg2 fxg5 32. Rxg5 Kf7 33. Rgg1 R3c7 34. Rc1 Rxc1 35. Rxc1 Rxc1 36. Kxc1 Bf6 37. Kc2 Kg6 38. Bd2 Kh5 39. Bb4 Kh4 40. Bxa3 Kg3 41. Kxb2 Kxf3 42. Bxd6 Ke3 43. Kc3 1-0

[Event "Titled Tuesday intern op 3rd Jan"]
[Site "Chess.com INT"]
[Date "2019.12.03"]
[Round "8"]
[White "Womacka, Mathias"]
[Black "Kesarev, Dima"]
[Result "0-1"]
[WhiteElo "2441"]
[BlackElo "2487"]
[PlyCount "104"]
[EventDate "2019.12.03"]
[EventType "swiss (blitz)"]
[EventRounds "10"]
[EventCountry "USA"]
[SourceTitle "EXT 2021"]
[Source "ChessBase"]
[SourceDate "2020.10.23"]
[SourceVersion "1"]
[SourceVersionDate "2020.10.23"]
[SourceQuality "1"]

1. e4 g6 2. d4 Bg7 3. Nc3 c5 4. dxc5 Bxc3+ 5. bxc3 Qa5 6. Qd4 Nf6 7. Bd3 Nc6 8. Qc4 d6 9. Ne2 Be6 10. Qb5 Qxb5 11. Bxb5 Nxe4 12. cxd6 Nxd6 13. Bd3 f6 14. Bf4 0-0-0 15. Nd4 Bd5 16. 0-0 Na5 17. Nb3 Nac4 18. Bg3 e5 19. f3 Nb5 20. Bf2 b6 21. a4 Nxc3 22. a5 Kb7 23. axb6 axb6 24. Be1 Nb5 25. Bf2 Ra8 26. Rxa8 Rxa8 27. Rd1 Nc3 28. Re1 Ra2 29. f4 exf4 30. Re7+ Ka6 31. h4 h6 32. Nd4 Ra1+ 33. Kh2 Nd1 34. Bg1 Nde3 35. Ne6 Bxe6 36. Rxe6 Kb5 37. Bxe3 fxe3 38. Rxe3 Kc5 39. Re6 Ne5 40. Kg3 Nxd3 41. cxd3 Ra3 42. Rxf6 Rxd3+ 43. Kf4 g5+ 44. hxg5 hxg5+ 45. Ke4 Rg3 46. Rf2 b5 47. Rc2+ Kb4 48. Kd4 Kb3 49. Rf2 b4 50. Kc5 Kc3 51. Kb5 b3 52. Ka4 b2 0-1

[Event "Titled Tuesday intern op 6th Aug"]
[Site "Chess.com INT"]
[Date "2019.08.06"]
[Round "3"]
[White "Georgiadis, Nico"]
[Black "Kesarev, Dima"]
[Result "1/2-1/2"]
[WhiteElo "2522"]
[BlackElo "2487"]
[PlyCount "79"]
[EventDate "2019.08.06"]
[EventType "swiss (blitz)"]
[EventRounds "10"]
[EventCountry "USA"]
[SourceTitle "EXT 2021"]
[Source "ChessBase"]
[SourceDate "2020.10.23"]
[SourceVersion "1"]
[SourceVersionDate "2020.10.23"]
[SourceQuality "1"]

1. d4 g6 2. e4 Bg7 3. Nc3 c5 4. dxc5 Bxc3+ 5. bxc3 Qa5 6. Bd2 Qxc5 7. Nf3 d6 8. Bd3 Nf6 9. 0-0 0-0 10. Rb1 b6 11. Re1 Bg4 12. h3 Bxf3 13. Qxf3 Nbd7 14. Rb5 Qc6 15. Qe2 e5 16. a4 Rac8 17. Qf3 Kg7 18. a5 a6 19. Rbb1 b5 20. Qg3 Qc7 21. Qh4 Qxa5 22. Qh6+ Kg8 23. c4 Qc7 24. cxb5 axb5 25. Rxb5 Nc5 26. Bg5 Nh5 27. Be2 Ng7 28. Bf6 Ne8 29. Bh4 Nxe4 30. Bg4 f5 31. Rxe4 fxe4 32. Be6+ Rf7 33. Rb4 Qxc2 34. Bxf7+ Kxf7 35. Qxh7+ Ng7 36. Rb7+ Rc7 37. Rb8 Rc8 38. Rb7+ Rc7 39. Rb8 Rc8 40. Rb7+ 1/2-1/2

[Event "Titled Tuesday intern op 6th Aug"]
[Site "Chess.com INT"]
[Date "2019.08.06"]
[Round "1"]
[White "Kesarev, Dima"]
[Black "Eljanov, Pavel"]
[Result "0-1"]
[WhiteElo "2403"]
[BlackElo "2663"]
[PlyCount "78"]
[EventDate "2019.08.06"]
[EventType "swiss (blitz)"]
[EventRounds "10"]
[EventCountry "USA"]
[SourceTitle "EXT 2021"]
[Source "ChessBase"]
[SourceDate "2020.10.23"]
[SourceVersion "1"]
[SourceVersionDate "2020.10.23"]
[SourceQuality "1"]

1. Nf3 d5 2. c4 c6 3. b3 Bg4 4. Bb2 e6 5. e3 Nf6 6. Be2 Bd6 7. h3 Bh5 8. 0-0 0-0 9. d4 Nbd7 10. Nbd2 Ne4 11. Qc2 f5 12. Rfe1 Qf6 13. a4 Rad8 14. Ba3 Bxa3 15. Rxa3 g5 16. Nh2 Bxe2 17. Rxe2 h5 18. f3 Ng3 19. Rf2 f4 20. Qc3 c5 21. cxd5 exd5 22. Nhf1 Nf5 23. e4 Nxd4 24. b4 cxb4 25. Qxb4 Nc2 26. Qc3 Nxa3 27. Qxa3 d4 28. Qb3+ Rf7 29. e5 Nxe5 30. Ne4 Qg6 31. Nfd2 Kg7 32. Rf1 g4 33. fxg4 hxg4 34. hxg4 Nxg4 35. Qb5 Ne3 36. Rf2 Rd5 37. Qe8 Rh5 38. Nf3 Qh6 39. g4 Rh1# 0-1

[Event "Titled Tuesday intern op 7th July"]
[Site "Chess.com INT"]
[Date "2015.07.07"]
[Round "8"]
[White "Homa, Seth"]
[Black "Kesarev, Dima"]
[Result "1-0"]
[WhiteElo "2365"]
[BlackElo "2192"]
[PlyCount "177"]
[EventDate "2015.07.07"]
[EventType "swiss (blitz)"]
[EventRounds "9"]
[EventCountry "USA"]
[SourceTitle "EXT 2021"]
[Source "ChessBase"]
[SourceDate "2020.10.23"]
[SourceVersion "1"]
[SourceVersionDate "2020.10.23"]
[SourceQuality "1"]

1. d4 Nf6 2. Nf3 g6 3. g3 Bg7 4. Bg2 0-0 5. 0-0 d6 6. a4 c5 7. dxc5 dxc5 8. Qxd8 Rxd8 9. a5 Na6 10. c3 Bf5 11. Nbd2 Ne8 12. Nh4 Bc8 13. Nc4 Nd6 14. Nxd6 Rxd6 15. Bf4 e5 16. Be3 Kf8 17. Rfd1 Ke7 18. Bd5 Rb8 19. b4 cxb4 20. cxb4 Be6 21. Bxe6 Rxd1+ 22. Rxd1 Kxe6 23. b5 Nc7 24. Bxa7 Ra8 25. Bb6 Nxb5 26. Nf3 h6 27. Rc1 e4 28. Nd2 f5 29. Nb3 Nc3 30. Rc2 Kd5 31. Nc5 Rb8 32. f3 exf3 33. exf3 Bd4+ 34. Kg2 Bxc5 35. Rxc3 Bd6 36. Rd3+ Kc6 37. h4 Re8 38. Rc3+ Kb5 39. Rb3+ Kc4 40. Rb2 Kd5 41. Bf2 Kc6 42. Rb6+ Kc7 43. a6 bxa6 44. Rxa6 Re2 45. Kf1 Rc2 46. Ra7+ Kc6 47. Rg7 f4 48. Rxg6 Kd5 49. g4 Rc3 50. Kg2 Rc2 51. Kg1 Rc1+ 52. Kg2 Rc2 53. Kf1 Rc1+ 54. Ke2 Rc2+ 55. Kf1 Rc1+ 56. Kg2 Rc2 57. Rf6 Be5 58. Rf5 Ke6 59. Kf1 Rc1+ 60. Ke2 Rc2+ 61. Kf1 Rc1+ 62. Kg2 Rc2 63. Kg1 Rc1+ 64. Kg2 Rc2 65. Kf1 Rc1+ 66. Ke2 Rc2+ 67. Ke1 Rc1+ 68. Kd2 Rf1 69. Ke2 Rc1 70. Rf8 Rc2+ 71. Ke1 Bc3+ 72. Kf1 Bf6 73. Re8+ Kf7 74. Ra8 Rc1+ 75. Kg2 Rc2 76. Ra7+ Kg6 77. Ra6 Kg7 78. Kf1 Rc3 79. Ra7+ Kg8 80. Ra8+ Kg7 81. Ra7+ Kg8 82. Ra6 Kg7 83. Ke2 Rc2+ 84. Ke1 Bc3+ 85. Kf1 Be5 86. Re6 Bf6 87. Re2 Rc1+ 88. Kg2 Rb1 89. Bc5 1-0

[Event "Titled Tuesday intern op 2nd June"]
[Site "Chess.com INT"]
[Date "2015.06.02"]
[Round "8"]
[White "Kesarev, Dima"]
[Black "Osinovsky, Stepan"]
[Result "0-1"]
[WhiteElo "2148"]
[BlackElo "2241"]
[PlyCount "114"]
[EventDate "2015.06.02"]
[EventType "swiss (blitz)"]
[EventRounds "9"]
[EventCountry "USA"]
[SourceTitle "EXT 2021"]
[Source "ChessBase"]
[SourceDate "2020.10.23"]
[SourceVersion "1"]
[SourceVersionDate "2020.10.23"]
[SourceQuality "1"]

1. Nf3 Nc6 2. d4 d6 3. h3 e5 4. d5 Nce7 5. e4 g6 6. Bb5+ c6 7. Ba4 Nf6 8. Nc3 b5 9. Bb3 c5 10. Nxb5 Nxe4 11. 0-0 a6 12. Nc3 Nxc3 13. bxc3 Bd7 14. Nxe5 dxe5 15. d6 Bg7 16. dxe7 Qxe7 17. Qd5 0-0 18. Be3 Rac8 19. Rad1 Be6 20. Qd6 Qxd6 21. Rxd6 c4 22. Ba4 Rfd8 23. Rfd1 Bf6 24. Rxd8+ Rxd8 25. Rxd8+ Bxd8 26. Bc5 Ba5 27. Bb4 Bc7 28. Bc6 f5 29. Kf1 Kf7 30. Bb7 a5 31. Bc5 Kf6 32. Ke2 h5 33. h4 Bd8 34. Be3 f4 35. Bc5 Bg4+ 36. Ke1 Bf5 37. Bd5 Be6 38. Be4 Kf7 39. g3 g5 40. Bd6 gxh4 41. gxh4 Bxh4 42. Bxe5 Bg5 43. Kf1 h4 44. Kg2 Ke7 45. Kf3 h3 46. Bxf4 Bh4 47. Bg3 Bf6 48. Ke2 Bxc3 49. f4 Bg4+ 50. Kf2 Bd4+ 51. Kf1 Kf6 52. Bh4+ Ke6 53. Bf2 Bc3 54. Kg1 Bd2 55. Bg3 Bf5 56. Bxf5+ Kxf5 57. Kh2 Bxf4 0-1

[Event "Titled Tuesday intern op 2nd June"]
[Site "Chess.com INT"]
[Date "2015.06.02"]
[Round "4"]
[White "Kesarev, Dima"]
[Black "Santagati, Alessandro"]
[Result "1-0"]
[WhiteElo "2149"]
[BlackElo "2204"]
[PlyCount "95"]
[EventDate "2015.06.02"]
[EventType "swiss (blitz)"]
[EventRounds "9"]
[EventCountry "USA"]
[SourceTitle "EXT 2021"]
[Source "ChessBase"]
[SourceDate "2020.10.23"]
[SourceVersion "1"]
[SourceVersionDate "2020.10.23"]
[SourceQuality "1"]

1. Nf3 Nf6 2. c4 c5 3. g3 e6 4. Bg2 d5 5. cxd5 exd5 6. 0-0 Be7 7. d4 0-0 8. b3 Nc6 9. dxc5 Bxc5 10. Bb2 Be6 11. Nd4 Nxd4 12. Bxd4 Bxd4 13. Qxd4 Qa5 14. Nc3 Rac8 15. Rfc1 a6 16. Na4 Qb5 17. e3 Qe2 18. Bf1 Rxc1 19. Rxc1 Qxa2 20. Qb2 Qxb2 21. Nxb2 Rc8 22. Rxc8+ Bxc8 23. b4 Kf8 24. Bd3 Ke7 25. Kf1 Kd6 26. Ke2 b6 27. Na4 Kc7 28. f3 Bd7 29. Nc3 a5 30. bxa5 bxa5 31. g4 h6 32. Kd2 Kb6 33. Bc2 Kc5 34. Kd3 Kb4 35. h4 g5 36. hxg5 hxg5 37. f4 Nxg4 38. fxg5 Nf2+ 39. Kd4 Be6 40. Ba4 Ne4 41. Nxe4 Kxa4 42. Nc5+ Kb4 43. Nxe6 a4 44. Nc7 a3 45. Nxd5+ Kb3 46. Nc3 Kc2 47. e4 Kd2 48. e5 1-0

[Event "Titled Tuesday intern op 2nd June"]
[Site "Chess.com INT"]
[Date "2015.06.02"]
[Round "1"]
[White "Kesarev, Dima"]
[Black "Terry, Renato"]
[Result "0-1"]
[WhiteElo "2149"]
[BlackElo "2451"]
[PlyCount "68"]
[EventDate "2015.06.02"]
[EventType "swiss (blitz)"]
[EventRounds "9"]
[EventCountry "USA"]
[SourceTitle "EXT 2021"]
[Source "ChessBase"]
[SourceDate "2020.10.23"]
[SourceVersion "1"]
[SourceVersionDate "2020.10.23"]
[SourceQuality "1"]

1. Nf3 Nf6 2. c4 e6 3. g3 b6 4. Bg2 Bb7 5. 0-0 Be7 6. Nc3 0-0 7. b3 d5 8. cxd5 exd5 9. d4 Ne4 10. Bb2 Nd7 11. Rc1 a6 12. Nd2 Nxc3 13. Bxc3 f5 14. Qc2 Bd6 15. Nc4 Be7 16. Ne3 Ba3 17. Rcd1 f4 18. Nxd5 f3 19. Bh3 Bxd5 20. e4 Bb7 21. b4 Kh8 22. Qb3 Bxe4 23. Qxa3 Bd5 24. Rfe1 Nf6 25. Qb2 Ne4 26. Bd2 Qd6 27. Re3 Qh6 28. Bg4 Nxf2 29. Rxf3 Nh3+ 30. Bxh3 Qxh3 31. Rxf8+ Rxf8 32. Bf4 Rxf4 33. gxf4 Qg4+ 34. Kf2 Qxd1 0-1

[Event "Titled Tuesday intern op 7th April"]
[Site "Chess.com INT"]
[Date "2015.04.07"]
[Round "4"]
[White "Hungaski, Robert Andrew"]
[Black "Kesarev, Dima"]
[Result "1/2-1/2"]
[WhiteElo "2456"]
[BlackElo "2204"]
[PlyCount "240"]
[EventDate "2015.04.07"]
[EventType "swiss (blitz)"]
[EventRounds "9"]
[EventCountry "USA"]
[SourceTitle "EXT 2021"]
[Source "ChessBase"]
[SourceDate "2020.10.23"]
[SourceVersion "1"]
[SourceVersionDate "2020.10.23"]
[SourceQuality "1"]

1. d4 g6 2. c4 Bg7 3. Nf3 Nf6 4. Nc3 d6 5. e4 0-0 6. Be2 e5 7. dxe5 dxe5 8. Qxd8 Rxd8 9. Bg5 Na6 10. Nd5 Rd6 11. Nxf6+ Bxf6 12. Bxf6 Rxf6 13. Nxe5 Re6 14. f4 Nc5 15. 0-0-0 f6 16. Rd8+ Kg7 17. Nd3 Nxe4 18. Bf3 Nd6 19. Bd5 Re7 20. c5 Nf7 21. Bxf7 Kxf7 22. Re1 Rxe1+ 23. Nxe1 c6 24. Nf3 h5 25. Kd2 Ke7 26. Rg8 Kf7 27. Rh8 b6 28. b4 a5 29. cxb6 axb4 30. Kc1 Ke6 31. Kb2 c5 32. Nd2 Bb7 33. Rh7 Bd5 34. Nb3 Kd6 35. Rc7 c4 36. Nd4 c3+ 37. Kc1 Rxa2 38. Nb5+ Ke6 39. b7 Be4 40. Kd1 Rd2+ 41. Ke1 Rd8 42. Nxc3 Bxb7 43. Ne2 Bxg2 44. Rc4 b3 45. Rb4 Bd5 46. Nd4+ Kd6 47. Nxb3 Re8+ 48. Kf2 Re4 49. Rxe4 Bxe4 50. Ke3 Bd5 51. Nd4 Be6 52. h4 Bd7 53. Nf3 Kd5 54. Nd2 Bf5 55. Nb3 Bc2 56. Nd4 Bd1 57. Nb5 Ke6 58. Nc3 Bc2 59. Nb5 Kf5 60. Kf3 Bd1+ 61. Kg3 Ke4 62. Nd6+ Kd5 63. Ne8 Ke6 64. Nc7+ Kd6 65. Nb5+ Ke6 66. Nc3 Bb3 67. Ne2 Bc4 68. Nc3 Ba6 69. Nd1 Bb7 70. Ne3 Ba8 71. f5+ gxf5 72. Kf4 Be4 73. Nf1 Bb1 74. Ng3 Bc2 75. Nxh5 Kf7 76. Kg3 f4+ 77. Nxf4 Kg7 78. Kf3 Kh6 79. Ke3 Kg7 80. Kd4 Bf5 81. Kd5 Kf7 82. Kd6 Bg4 83. Kd5 Bf5 84. Kd4 Bb1 85. Ke3 Bf5 86. Nd5 Bb1 87. Kf4 Kg6 88. Kg4 Bf5+ 89. Kg3 Bc2 90. Kf3 Kh5 91. Kg3 Kg6 92. Kg4 Bd1+ 93. Kg3 Bc2 94. Nf4+ Kh6 95. Nd5 Kg6 96. Ne3 Bd3 97. Kg4 Be2+ 98. Kg3 Bd3 99. Ng2 Bc2 100. Ne3 Bd3 101. Nd5 Be4 102. Nf4+ Kh6 103. Kg4 Bc2 104. Nd5 Bd1+ 105. Kf4 Kh5 106. Kg3 Kg6 107. Ne7+ Kh5 108. Nf5 Kg6 109. Ne3 Be2 110. Ng2 Bd1 111. Ne3 Be2 112. Nd5 Bd1 113. Nf4+ Kh6 114. Kf2 Bb3 115. Ne2 Bd1 116. Nd4 Kh5 117. Kg3 Kg6 118. Ne6 Bc2 119. Nf4+ Kh6 120. Nd5 Kg6 1/2-1/2

[Event "Titled Tuesday intern op 24th Febr"]
[Site "Chess.com INT"]
[Date "2015.02.24"]
[Round "5"]
[White "Lenderman, Aleksandr"]
[Black "Kesarev, Dima"]
[Result "1-0"]
[WhiteElo "2614"]
[BlackElo "2255"]
[PlyCount "83"]
[EventDate "2015.02.24"]
[EventType "swiss (blitz)"]
[EventRounds "9"]
[EventCountry "USA"]
[SourceTitle "EXT 2021"]
[Source "ChessBase"]
[SourceDate "2020.10.23"]
[SourceVersion "1"]
[SourceVersionDate "2020.10.23"]
[SourceQuality "1"]

1. b3 c5 2. Bb2 b6 3. e4 Bb7 4. Nc3 e6 5. f4 Nf6 6. d3 d5 7. Qe2 Be7 8. Nf3 Qc7 9. Nb5 Qd7 10. c4 dxe4 11. dxe4 a6 12. Rd1 Qc8 13. Bxf6 gxf6 14. Nd6+ Bxd6 15. Rxd6 Nd7 16. g3 Qc7 17. Rd2 0-0-0 18. Bg2 Nb8 19. 0-0 Rxd2 20. Nxd2 Nc6 21. Nf3 Rd8 22. Rd1 Rxd1+ 23. Qxd1 Qd7 24. Qe1 Qd3 25. e5 fxe5 26. fxe5 Nd4 27. Nxd4 Qxd4+ 28. Kh1 Bxg2+ 29. Kxg2 Kd7 30. Qf2 Qe4+ 31. Qf3 Qc2+ 32. Kh3 Qf5+ 33. Qxf5 exf5 34. Kh4 Ke6 35. Kg5 Kxe5 36. h4 b5 37. h5 bxc4 38. bxc4 a5 39. a4 Ke6 40. Kh6 Kf6 41. Kxh7 Kg5 42. h6 1-0

[Event "Titled Tuesday intern op 24th Febr"]
[Site "Chess.com INT"]
[Date "2015.02.24"]
[Round "1"]
[White "Tilicheev, Viacheslav"]
[Black "Kesarev, Dima"]
[Result "1/2-1/2"]
[WhiteElo "2408"]
[BlackElo "2243"]
[PlyCount "63"]
[EventDate "2015.02.24"]
[EventType "swiss (blitz)"]
[EventRounds "9"]
[EventCountry "USA"]
[SourceTitle "EXT 2021"]
[Source "ChessBase"]
[SourceDate "2020.10.23"]
[SourceVersion "1"]
[SourceVersionDate "2020.10.23"]
[SourceQuality "1"]

1. e4 g6 2. d4 Bg7 3. Nc3 c5 4. Nf3 cxd4 5. Nxd4 Nc6 6. Be3 Nf6 7. Bc4 d6 8. Bb3 Bd7 9. f3 Rc8 10. Qd2 Ne5 11. 0-0-0 Nc4 12. Bxc4 Rxc4 13. h4 h5 14. Kb1 a6 15. Rhe1 b5 16. Bg5 0-0 17. Nb3 b4 18. Nd5 Nxd5 19. exd5 Re8 20. Qe2 Bb5 21. Qe3 Qd7 22. Nd4 Rc5 23. Qe4 Bc4 24. Ne6 fxe6 25. Qxg6 Qa4 26. b3 Qxa2+ 27. Kc1 Qb2+ 28. Kd2 Qc3+ 29. Kc1 Qb2+ 30. Kd2 Qc3+ 31. Kc1 Qb2+ 32. Kd2 1/2-1/2